La ironía : un libro sobre la trivialidad del mundo y otras cosas aún menos serias /

שמור ב:
מידע ביבליוגרפי
מחבר ראשי: Ortega Rodríguez, Pablo
מחברים אחרים: Mas Herrera, Oscar
פורמט: ספר
שפה:Spanish
יצא לאור: San José, Costa Rica : Editorial Guayacán Centroamericana, 1996.
סדרה:Año uno ; 14
נושאים:
תגים: הוספת תג
אין תגיות, היה/י הראשונ/ה לתייג את הרשומה!

MARC

LEADER 00000cam a22000007a 4500
001 1660636
005 20160407081920.0
008 970506s1996 cr 000 0 spa
020 |a 997793195X 
040 |a DLC  |c DLC  |d CIICLA-UCR 
041 |a spa 
082 |a 183.4  |b O77-i 
100 1 |a Ortega Rodríguez, Pablo. 
245 1 3 |a La ironía :  |b un libro sobre la trivialidad del mundo y otras cosas aún menos serias /  |c Pablo Ortega Rodríguez ; con una solemne presentación del Dr. Oscar Mas Herrera. 
260 |a San José, Costa Rica :  |b Editorial Guayacán Centroamericana,  |c 1996. 
300 |a 72 páginas  |c 15 centimetros. 
490 1 |a Año uno ;  |v 14 
650 1 4 |a IRONIA 
700 0 |a Mas Herrera, Oscar  |j Presentación 
942 |2 ddc  |c BK 
999 |c 4604  |d 4604